Statistiques concernant Culture G

Cliquez ici pour prendre le quiz!

Statistiques générales

  • Ce quiz a été pris 85 fois
  • Le résultat moyen est 5 sur 11

Statistiques - réponses

HintRéponse% Correct
Pays de la ville la plus peuplé au mondeJapon
86%
Pays avec le plus de trisomique du monde (3 000 à 5 000 enfants chaque année)Etats Unis
78%
Pays du plus grand taux d'alcoolémie mesuré monde (13,74 grammes par litre de sang)Pologne
64%
Pays avec les plus gros pénis en moyenne (17,93 cm)Congo
62%
Pays avec le plus gros bodycount en moyenne Femme (14)Mexique
58%
Pays avec le plus gros bodycount en moyenne Homme (27)Brésil
55%
Pays avec les plus petits pénis en moyenne (9,66 cm)Corée du Sud
49%
Pays où le nombre d’adultes qui s’identifient comme homosexuel ou lesbienne est le plus élevé (6%)Espagne
47%
Pays avec la consommation d'alcool par habitant la plus haute en Europe (17,5 litres d’alcool pur par an)Biélorussie
23%
Pays avec la proportion la plus élevée de personnes handicapées en Europe (38,5 %)Lettonie
17%
Pays les plus dangereux du monde par taux d'homicide 2022 (53 morts intentionnelles pour 100.000 hab)Jamaique
5%

Distribution des résultats

Percentile par nombre de réponses

% des personnes avec chaque résultat

Votre développement - résultats

Vous n’avez pas pris ce quiz